| Tag |
First Indicator |
Second Indicator |
Subfields |
| LEADER |
00000cam a2200000 a 4500 |
| 001 |
in00000073024 |
| 005 |
20151008060019.0 |
| 008 |
810914s1981 njua b 00010 eng |
| 010 |
|
|
|a 80083879
|
| 020 |
|
|
|a 0130500054
|
| 035 |
|
|
|a (OCoLC)07756308
|
| 035 |
|
|
|9 AAJ4962AM
|
| 040 |
|
|
|a DLC
|c CLE
|d TXA
|d UtOrBLW
|
| 041 |
1 |
|
|a eng
|h ger
|
| 049 |
|
|
|a TXAM
|c [387760]
|
| 050 |
0 |
0 |
|a TN690
|b .E54413
|
| 100 |
1 |
|
|a Engel, Lothar.
|
| 240 |
1 |
0 |
|a Rasterelektronenmikroskopische Untersuchungen von Metallschaden.
|l English
|
| 245 |
1 |
3 |
|a An atlas of metal damage :
|b surface examination by scanning electron microscope /
|c Lothar Engel, Hermann Klingele ; translated by Stewart Murray.
|
| 264 |
|
1 |
|a Englewood Cliffs, N.J. :
|b Prentice-Hall,
|c 1981.
|
| 300 |
|
|
|a 271 pages :
|b illustrations ;
|c 27 cm.
|
| 336 |
|
|
|a text
|b txt
|2 rdacontent
|
| 337 |
|
|
|a unmediated
|b n
|2 rdamedia
|
| 338 |
|
|
|a volume
|b nc
|2 rdacarrier
|
| 500 |
|
|
|a Translation of: Rasterelektronenmikroskopische Untersuchungen von Metallschaden, 1974.
|
| 504 |
|
|
|a Includes bibliographical references and index.
|
| 650 |
|
0 |
|a Metallography.
|
| 650 |
|
0 |
|a Metals
|x Defects.
|
| 650 |
|
0 |
|a Scanning electron microscopes.
|
| 700 |
1 |
|
|a Klingele, H.
|
| 999 |
|
|
|a MARS
|
| 999 |
f |
f |
|s d847e36e-d8ba-3384-8fa5-f5f1671f198d
|i ec8256cf-75b2-3351-9984-b2384b41daf1
|t 0
|
| 952 |
f |
f |
|p ric
|a Texas A&M University
|b Rellis Campus
|c Joint Library Facility
|d Remote Storage
|t 0
|e TN690 .E54413
|h Library of Congress classification
|i unmediated -- volume
|m A14806255113
|
| 998 |
f |
f |
|a TN690 .E54413
|t 0
|l Remote Storage
|